Christian beliefs : (Record no. 8886)

MARC details
000 -LEADER
fixed length control field 01783cam a22003494a 4500
001 - CONTROL NUMBER
control field 60743141
003 - CONTROL NUMBER IDENTIFIER
control field OCoLC
005 - DATE AND TIME OF LATEST TRANSACTION
control field 20241126110700.0
008 - FIXED-LENGTH DATA ELEMENTS--GENERAL INFORMATION
fixed length control field 050617s2005 miu b 001 0 eng
010 ## -
-- 2005017563
020 ## - INTERNATIONAL STANDARD BOOK NUMBER
International Standard Book Number 0310255996 (pbk.)
020 ## - INTERNATIONAL STANDARD BOOK NUMBER
International Standard Book Number 9780310255994 (pbk.)
035 ## - SYSTEM CONTROL NUMBER
System control number (OCoLC)60743141
040 ## - CATALOGING SOURCE
Original cataloging agency DLC
Transcribing agency DLC
Modifying agency BAKER
-- BTCTA
-- YDXCP
-- ABF
-- IG#
-- BSC
042 ## -
-- pcc
082 ## - DEWEY DECIMAL CLASSIFICATION NUMBER
Classification number 230
Item number GRU
092 ## - LOCALLY ASSIGNED DEWEY CALL NUMBER (OCLC)
Classification number 230
Item number G885c, 2005
100 1# - MAIN ENTRY--PERSONAL NAME
Personal name Grudem, Wayne A.
9 (RLIN) 1981
245 10 - TITLE STATEMENT
Title Christian beliefs :
Remainder of title twenty basics every Christian should know /
Statement of responsibility, etc. Wayne A. Grudem ; edited by Elliot Grudem.
260 ## - PUBLICATION, DISTRIBUTION, ETC.
Place of publication, distribution, etc. Grand Rapids, Mich. :
Name of publisher, distributor, etc. Zondervan,
Date of publication, distribution, etc. c2005.
300 ## - PHYSICAL DESCRIPTION
Extent 159 p. ;
Dimensions 21 cm.
500 ## - GENERAL NOTE
General note Rev. ed. of: Bible doctrine.
504 ## - BIBLIOGRAPHY, ETC. NOTE
Bibliography, etc. note Includes bibliographical references (p. 147-156) and index.
505 0# - FORMATTED CONTENTS NOTE
Formatted contents note What is the Bible? -- What is God like? -- What is the Trinity? -- What is creation? -- What is prayer? -- What are angels, Satan, and demons? -- What is man? -- What is sin? -- Who is Christ? -- What is the atonement? -- What is the resurrection? -- What is election? -- What does it mean to become a Christian? -- What are justification and adoption? -- What are sanctification and perseverance? -- What is death? -- What is the church? -- What will happen when Christ returns? -- What is the final judgment? -- What is heaven?
630 00 - SUBJECT ADDED ENTRY--UNIFORM TITLE
Uniform title Bible
General subdivision Theology.
9 (RLIN) 357
650 #0 - SUBJECT ADDED ENTRY--TOPICAL TERM
Topical term or geographic name entry element Theology, Doctrinal
Form subdivision Popular works.
9 (RLIN) 2476
700 1# - ADDED ENTRY--PERSONAL NAME
Personal name Grudem, Elliot.
9 (RLIN) 15603
700 1# - ADDED ENTRY--PERSONAL NAME
Personal name Grudem, Wayne A.
Title of a work Bible doctrine.
9 (RLIN) 15604
856 41 - ELECTRONIC LOCATION AND ACCESS
Materials specified Table of contents only
Uniform Resource Identifier <a href="http://www.loc.gov/catdir/toc/ecip0514/2005017563.html">http://www.loc.gov/catdir/toc/ecip0514/2005017563.html</a>
856 42 - ELECTRONIC LOCATION AND ACCESS
Materials specified Publisher description
Uniform Resource Identifier <a href="http://www.loc.gov/catdir/enhancements/fy0633/2005017563-d.html">http://www.loc.gov/catdir/enhancements/fy0633/2005017563-d.html</a>
942 ## - ADDED ENTRY ELEMENTS (KOHA)
Source of classification or shelving scheme Dewey Decimal Classification
Koha item type Books
Koha issues (borrowed), all copies 19
Holdings
Withdrawn status Lost status Source of classification or shelving scheme Damaged status Not for loan Home library Current Library Shelving location Date acquired Total checkouts Total renewals Full call number Barcode Date last seen Date last checked out Copy number Price effective from Koha item type
    Dewey Decimal Classification     GRACE BIBLE COLLEGE GRACE BIBLE COLLEGE Theology 2022-01-17 26 3 230 GRU 015377 2026-01-21 2026-01-20 c.1 2022-01-17 Books
    Dewey Decimal Classification     GRACE BIBLE COLLEGE GRACE BIBLE COLLEGE Theology 2024-06-28 6 1 230 GRU 017003 2026-01-16 2026-01-12 c.2 2024-06-28 Books
    Dewey Decimal Classification     GRACE BIBLE COLLEGE GRACE BIBLE COLLEGE Theology 2024-06-28 7 2 230 GRU 017004 2025-12-10 2025-12-03 c.3 2024-06-28 Books
    Dewey Decimal Classification     GRACE BIBLE COLLEGE GRACE BIBLE COLLEGE Theology 2024-06-28 7 1 230 GRU 017005 2026-01-21 2026-01-19 c.4 2024-06-28 Books
© Grace Bible College Library 2025